Battle of the bureaucracies: the United Defense Fund ; a study of the coordination of voluntary welfare services during wartime /

Bibliographic Details
Main Author: Palecek, Marvin A., 1919-
Format: Book
Language:English
Published: New York : Vantage Press, [1972]
Edition:[1st ed.].
Subjects:

MARC

Tag First Indicator Second Indicator Subfields
LEADER 00000cam a2200000 4500
001 in00000459821
005 20151012155753.0
008 730511s1972 nyu b 00010 eng
010 |a  73160557  
020 |a 0533003423  |c $8.95 
035 |a (OCoLC)00633341 
035 |9 ABZ2323AM 
040 |a DLC  |c DLC  |d TXA  |d UtOrBLW 
043 |a n-us--- 
049 |a TXAM  |c [714972] 
050 0 0 |a HV88  |b .P34 
082 0 |a 361.6/2/0973 
100 1 |a Palecek, Marvin A.,  |d 1919- 
245 1 0 |a Battle of the bureaucracies: the United Defense Fund ;  |b a study of the coordination of voluntary welfare services during wartime /  |c [by] Marvin A. Palecek. 
250 |a [1st ed.]. 
264 1 |a New York :  |b Vantage Press,  |c [1972] 
264 4 |c [©1972] 
300 |a 291 pages ;  |c 22 cm. 
336 |a text  |b txt  |2 rdacontent 
337 |a unmediated  |b n  |2 rdamedia 
338 |a volume  |b nc  |2 rdacarrier 
504 |a Bibliography: pages 283-291. 
610 2 0 |a United Defense Fund. 
650 0 |a Charities  |z United States. 
999 |a MARS 
999 f f |s 6551f09b-55c1-37bc-ac2f-0171d4d1f071  |i 108bdbcc-719d-31b0-bf04-6ac0f476e424  |t 0 
952 f f |p ric  |a Texas A&M University  |b Rellis Campus  |c Joint Library Facility  |d Remote Storage  |t 0  |e HV88 .P34  |h Library of Congress classification  |i unmediated -- volume  |m A14803011976 
998 f f |a HV88 .P34  |t 0  |l Remote Storage